[Event "24.Offene Herner Stadtmeisterschaft 2023"]
[Site "?"]
[Date "2023.03.20"]
[Round "7.14"]
[White "Winterkamp, Sascha"]
[Black "Dlouhy, Peter"]
[Result "1/2-1/2"]
[WhiteElo "1934"]
[BlackElo "1750"]
[Annotator "Waldschmidt,Georg"]
[PlyCount "26"]
[EventDate "2023.??.??"]
[WhiteTeam "SVigung 1920 Plettenbe"]
[BlackTeam "SV Unser Fritz Wanne-E"]

{[%evp 0,26,18,18,20,4,37,33,59,51,51,23,39,6,-5,0,-7,13,-1,-6,7,19,0,-11,-8,-26,49,29,34]} 1. d4 Nf6 2. c4 g6 3. Nc3 d5 4. Nf3 Bg7 5. Bg5 Ne4 6. h4 c5 7. cxd5 Nxc3 8. bxc3 Qxd5 9. e3 cxd4 10. cxd4 Nc6 11. Qa4 Bd7 12. Bc4 Qa5+ 13. Qxa5 Nxa5 1/2-1/2

[Event "24.Offene Herner Stadtmeisterschaft 2023"]
[Site "?"]
[Date "2023.03.20"]
[Round "7.15"]
[White "Nizak, Bodo"]
[Black "Rohloff, Markus"]
[Result "0-1"]
[WhiteElo "1602"]
[BlackElo "1881"]
[PlyCount "82"]
[EventDate "2023.??.??"]
[WhiteTeam "SK Ickern 60"]
[BlackTeam "SV Rot-Weiß-Altenessen"]

1. e4 e6 2. d4 d5 3. Nc3 Bb4 4. Bd3 c5 5. dxc5 d4 6. a3 Qa5 7. axb4 Qxa1 8. Nb5 Na6 9. Nd6+ Kf8 10. Qd2 Nxb4 11. Nf3 Nc6 12. Qf4 Qa5+ 13. Bd2 Qc7 14. Ng5 Nh6 15. Bc4 Qe7 16. Nxc8 Rxc8 17. Nxe6+ Kg8 18. Nxg7 Kxg7 19. Qxh6+ Kg8 20. O-O Rf8 21. Qh3 h6 22. f4 Re8 23. Rf3 Qxc5 24. Bd3 Nb4 25. f5 Nxd3 26. Rg3+ Kf8 27. f6 Re6 28. Bxh6+ Ke8 29. Rxd3 Rxf6 30. Qg4 Rfxh6 31. h3 Rg6 32. Qf3 Rhg8 33. g4 Qe5 34. c3 Rf6 35. Qg2 dxc3 36. bxc3 Rd6 37. Rd5 Rxd5 38. exd5 Rg6 39. c4 Rb6 40. Qa2 Rb2 41. Qa4+ b5 0-1

[Event "24.Offene Herner Stadtmeisterschaft 2023"]
[Site "?"]
[Date "2023.03.20"]
[Round "7.16"]
[White "Schmidt, Sebastian"]
[Black "Feldhaus, Thomas"]
[Result "0-1"]
[WhiteElo "1868"]
[BlackElo "1690"]
[Annotator "Waldschmidt,Georg"]
[PlyCount "80"]
[EventDate "2023.??.??"]
[WhiteTeam "SV Waltrop 1922 e. V."]
[BlackTeam "Springer Recklinghausen"]

{[%evp 0,25,22,15,25,25,25,19,10,10,10,13,13,13,13,21,23,15,13,0,0,22,17,0,0,-334,-335,-396]} 1. e4 e6 2. d4 d5 3. Nd2 Nf6 4. e5 Nfd7 5. Bd3 c5 6. c3 Nc6 7. Ne2 cxd4 8. cxd4 f6 9. Nf4 Nxd4 10. Qh5+ Ke7 11. Ng6+ hxg6 12. Qxh8 Nxe5 13. Qh3 Nxd3+ 14. Qxd3 e5 15. O-O Bf5 16. Qa3+ Kf7 17. Qa4 Bd3 18. Nf3 Nxf3+ 19. gxf3 Bxf1 20. Kxf1 Qc8 21. Kg1 Qc6 22. Qb3 b5 23. Be3 Qc4 24. Qd1 d4 25. b3 Qe6 26. Bd2 Rc8 27. Qe1 Rc2 28. a4 b4 29. Bxb4 Bxb4 30. Qxb4 Qc6 31. Qa5 Qxf3 32. Qxa7+ Kg8 33. Rf1 d3 34. a5 d2 35. Qd7 Qe2 36. Qe6+ Kh7 37. Qh3+ Qh5 38. Qd3 Qg4+ 39. Kh1 Rc1 40. Qf5 Rxf1# 0-1

[Event "24.Offene Herner Stadtmeisterschaft 2023"]
[Site "?"]
[Date "2023.03.20"]
[Round "7.17"]
[White "Schulz, Angelika"]
[Black "Koch, Burkhard"]
[Result "1/2-1/2"]
[WhiteElo "1590"]
[BlackElo "1765"]
[PlyCount "87"]
[EventDate "2023.??.??"]
[WhiteTeam "SV Erkenschwick 1923 e"]
[BlackTeam "SG Wanne e.V."]

1. Nf3 d5 2. c4 e6 3. d4 Nf6 4. Nc3 Be7 5. cxd5 exd5 6. h3 O-O 7. Bf4 c6 8. a3 a5 9. e3 Bf5 10. Bd3 Bxd3 11. Qxd3 Nbd7 12. O-O Re8 13. Rac1 Qb6 14. Qc2 Qa6 15. Rfe1 Bf8 16. g4 g6 17. Ne5 Nxe5 18. Bxe5 Nd7 19. Bg3 Re6 20. Ne2 Rae8 21. h4 Nf6 22. Nf4 R6e7 23. Qd1 Ne4 24. Bh2 Bg7 25. Ng2 Nf6 26. Bf4 Qb6 27. Re2 Nxg4 28. Rec2 h5 29. Qf3 Re4 30. Qg3 R4e6 31. Bc7 Qb5 32. Bf4 b6 33. f3 Nxe3 34. Nxe3 Bxd4 35. Kh2 Bxe3 36. Bxe3 Rxe3 37. Rxc6 Qe2+ 38. Kg1 Rxf3 39. Rxg6+ fxg6 40. Qxg6+ Kf8 41. Qh6+ Kg8 42. Qg6+ Kf8 43. Qh6+ Kg8 44. Qg6+ 1/2-1/2

[Event "24.Offene Herner Stadtmeisterschaft 2023"]
[Site "?"]
[Date "2023.03.20"]
[Round "7.18"]
[White "Boxberg, Olaf"]
[Black "Bialas, Jan-Philip"]
[Result "1/2-1/2"]
[WhiteElo "1765"]
[BlackElo "1675"]
[PlyCount "44"]
[EventDate "2023.??.??"]
[WhiteTeam "SV Datteln 1924"]
[BlackTeam "SV Datteln 1924"]

1. e4 c5 2. Nf3 Nc6 3. d3 d6 4. g3 g6 5. Bg2 Bg7 6. O-O e6 7. Re1 Nge7 8. c3 O-O 9. Nbd2 b6 10. Nf1 Bb7 11. d4 Qc7 12. Be3 Rad8 13. Qd2 d5 14. e5 cxd4 15. cxd4 Nf5 16. Bf4 Rc8 17. Rac1 Qd7 18. g4 Nfe7 19. Bh6 a5 20. a3 Ba6 21. Bxg7 Kxg7 22. Ng3 Ng8 1/2-1/2

[Event "24.Offene Herner Stadtmeisterschaft 2023"]
[Site "?"]
[Date "2023.03.20"]
[Round "7.20"]
[White "Gausmann, Thomas"]
[Black "Heiduk, Christopher"]
[Result "1/2-1/2"]
[WhiteElo "1741"]
[BlackElo "1583"]
[PlyCount "80"]
[EventDate "2023.??.??"]
[WhiteTeam "SG Bochum 1931"]
[BlackTeam "SV Datteln 1924"]

1. e4 c6 2. Nc3 d5 3. Nf3 Nf6 4. e5 Nfd7 5. d4 e6 6. Bd3 c5 7. dxc5 Bxc5 8. O-O Nc6 9. Re1 h6 10. Bd2 a6 11. Bf1 Qc7 12. Qe2 Nd4 13. Nxd4 Bxd4 14. Bf4 Bxc3 15. bxc3 Qxc3 16. Rad1 b5 17. Qd3 Qa5 18. Bd2 Qc7 19. Bb4 Bb7 20. Bd6 Qc6 21. Qg3 g5 22. Rd3 Rc8 23. Ree3 Nb6 24. Qf3 Qd7 25. Qf6 Rh7 26. Rc3 Nc4 27. Rxc4 bxc4 28. Rh3 Rc6 29. f4 Rxd6 30. exd6 Qxd6 31. fxg5 Qb6+ 32. Kh1 Qd8 33. Qe5 h5 34. Qe2 Qxg5 35. Rg3 Qf6 36. Rg8+ Ke7 37. h3 h4 38. Qe1 Rh8 39. Rg4 a5 40. Be2 a4 1/2-1/2

[Event "24.Offene Herner Stadtmeisterschaft 2023"]
[Site "?"]
[Date "2023.03.20"]
[Round "7.21"]
[White "Vossen, Dieter"]
[Black "Mücke, Lukas Benedikt"]
[Result "1-0"]
[WhiteElo "1500"]
[BlackElo "1599"]
[PlyCount "63"]
[EventDate "2023.??.??"]
[BlackTeam "SV Waltrop 1922 e. V."]

1. e4 c5 2. Nf3 d6 3. Bb5+ Nd7 4. O-O Ngf6 5. Nc3 a6 6. Bxd7+ Bxd7 7. e5 dxe5 8. Nxe5 e6 9. d4 cxd4 10. Qxd4 Bc6 11. Nxc6 bxc6 12. Qa4 Qc7 13. Bf4 Bd6 14. Bxd6 Qxd6 15. Rad1 Qc7 16. Qa3 Qe7 17. Qa4 Qc7 18. Rd3 O-O 19. Rfd1 Nd5 20. Ne4 Rfb8 21. c4 Rb4 22. Qc2 Nf6 23. Nxf6+ gxf6 24. Rg3+ Kf8 25. Qc3 Rab8 26. Qxf6 Rxb2 27. Rgd3 Ke8 28. Rg3 Kf8 29. Qh6+ Ke7 30. Qg5+ Kf8 31. Qc5+ Ke8 32. Rg8# 1-0

[Event "24.Offene Herner Stadtmeisterschaft 2023"]
[Site "?"]
[Date "2023.03.20"]
[Round "7.22"]
[White "von Blumenthal, Nikolaus"]
[Black "Funke, Eckhard"]
[Result "0-1"]
[WhiteElo "1541"]
[BlackElo "1868"]
[PlyCount "120"]
[EventDate "2023.??.??"]
[WhiteTeam "SV Zeppelin Herne e. V."]
[BlackTeam "SV Günnigfeld 1922 e."]

1. e4 d5 2. exd5 Qxd5 3. Nc3 Qd6 4. d4 Nf6 5. Nf3 c6 6. Be2 Bf5 7. O-O Nbd7 8. Qd2 e6 9. b3 Qc7 10. Bb2 Bd6 11. g3 O-O 12. Nh4 Bh3 13. Rfe1 Bb4 14. a3 Ne4 15. Qd3 Bxc3 16. Bxc3 Nxc3 17. Qxc3 Nf6 18. Qb2 Rfe8 19. c3 e5 20. dxe5 Qxe5 21. Nf3 Qe4 22. Qb1 Qd5 23. c4 Qh5 24. Bd1 Bg4 25. Rxe8+ Rxe8 26. Qd3 h6 27. h4 Qa5 28. b4 Qc7 29. Be2 Qe7 30. Bf1 Rd8 31. Qc3 Ne4 32. Qe3 Bxf3 33. Qxf3 Nd2 34. Qe2 Qf6 35. Rd1 Nf3+ 36. Kg2 Ne5 37. Qe3 b6 38. f4 Ng6 39. Rd2 Nf8 40. Be2 c5 41. Rxd8 Qxd8 42. bxc5 bxc5 43. Qxc5 Qd2 44. Kf2 a5 45. a4 Ne6 46. Qd5 Nd4 47. Qa8+ Kh7 48. Qe4+ f5 49. Qe3 Qb2 50. c5 Nxe2 51. Qxe2 Qd4+ 52. Qe3 Qxa4 53. Qc3 Qa2+ 54. Kf1 Qd5 55. Kf2 a4 56. c6 Qa2+ 57. Kf3 Qb3 58. Qe3 Qd5+ 59. Kf2 Qxc6 60. Qd3 Qe4 0-1

[Event "24.Offene Herner Stadtmeisterschaft 2023"]
[Site "?"]
[Date "2023.03.20"]
[Round "7.23"]
[White "Krolik, Wilfried"]
[Black "Müller-Kreth, Kai"]
[Result "0-1"]
[WhiteElo "1443"]
[BlackElo "1732"]
[PlyCount "64"]
[EventDate "2023.??.??"]
[WhiteTeam "SV Waltrop 1922 e. V."]
[BlackTeam "SK Sodingen/Castrop 24/23 e. V."]

1. e4 e6 2. d4 d5 3. exd5 exd5 4. Nf3 Nf6 5. Bg5 h6 6. Bh4 Bd6 7. Nbd2 Bf5 8. h3 g5 9. Bg3 Bxg3 10. fxg3 Qd6 11. Ne5 Nbd7 12. g4 Be6 13. Qe2 O-O-O 14. O-O-O Rde8 15. Re1 h5 16. gxh5 Nxh5 17. Qf2 f6 18. Nxd7 Bxd7 19. Bd3 Nf4 20. Qf3 Re6 21. Rxe6 Qxe6 22. Nb3 b6 23. Ba6+ Kb8 24. c4 c6 25. cxd5 cxd5 26. Kd2 Qe4 27. Qxe4 dxe4 28. Rg1 Be6 29. Nc1 f5 30. b3 Kc7 31. Ne2 Nd5 32. Nc3 e3+ 0-1

[Event "24.Offene Herner Stadtmeisterschaft 2023"]
[Site "?"]
[Date "2023.03.20"]
[Round "7.24"]
[White "Landwehr, Ingo"]
[Black "Foltin, Alica"]
[Result "0-1"]
[WhiteElo "1511"]
[BlackElo "1623"]
[PlyCount "42"]
[EventDate "2023.??.??"]
[WhiteTeam "Bochumer SV 02"]
[BlackTeam "SV Waltrop 1922 e. V."]

1. c4 e5 2. g3 f5 3. Bg2 Nf6 4. Nc3 Bb4 5. e3 O-O 6. Nge2 c6 7. O-O Bxc3 8. Nxc3 d5 9. cxd5 cxd5 10. Qb3 e4 11. d3 Kh8 12. Rd1 Qb6 13. Qxb6 axb6 14. dxe4 dxe4 15. Nb5 Be6 16. Nc7 Bb3 17. Nxa8 Bxd1 18. Bd2 Nbd7 19. Nxb6 Nxb6 20. Ba5 Nc4 21. Rxd1 Nxa5 0-1

[Event "24.Offene Herner Stadtmeisterschaft 2023"]
[Site "?"]
[Date "2023.03.20"]
[Round "7.25"]
[White "Deutschmann, Jürgen"]
[Black "Buchhop, Rainer"]
[Result "1-0"]
[WhiteElo "1603"]
[BlackElo "1440"]
[PlyCount "83"]
[EventDate "2023.??.??"]
[WhiteTeam "SV Hattingen e. V."]
[BlackTeam "SV Unser Fritz Wanne-E"]

1. d4 Nf6 2. Nc3 d5 3. Bf4 a6 4. e3 e6 5. Bd3 b5 6. a3 c5 7. dxc5 Bxc5 8. Nf3 Nc6 9. Ne5 Bb7 10. Nxc6 Bxc6 11. Qf3 Bd6 12. Bxd6 Qxd6 13. Rd1 Qc7 14. O-O O-O 15. Qh3 Rad8 16. Ne2 e5 17. c3 Rfe8 18. Bb1 Bd7 19. Qg3 Qc4 20. Rfe1 h5 21. f4 Bg4 22. Bd3 Qb3 23. fxe5 Ne4 24. Bxe4 Bxe2 25. Rd2 Bg4 26. Bc2 Qc4 27. h3 Be6 28. Rd4 Qc7 29. Rh4 f5 30. Rxh5 Qe7 31. Rf1 Bd7 32. Bb3 Qxe5 33. Qxe5 Rxe5 34. e4 Bc6 35. Rhxf5 Rxe4 36. R5f4 Re2 37. R4f2 Re4 38. Rd2 a5 39. Rfd1 Re5 40. c4 b4 41. cxd5 bxa3 42. dxc6+ 1-0

[Event "24.Offene Herner Stadtmeisterschaft 2023"]
[Site "?"]
[Date "2023.03.20"]
[Round "7.26"]
[White "Bock, Oswin"]
[Black "Rathke, Dieter"]
[Result "1-0"]
[WhiteElo "1378"]
[BlackElo "1552"]
[PlyCount "83"]
[EventDate "2023.??.??"]
[WhiteTeam "vereinslos"]
[BlackTeam "SK Ickern 60"]

1. Nf3 d5 2. g3 Nf6 3. Bg2 e6 4. d3 Bc5 5. h3 Nbd7 6. c3 O-O 7. O-O Re8 8. Bg5 h6 9. Bxf6 Nxf6 10. Nbd2 Bd6 11. c4 c6 12. Qc2 e5 13. c5 Bc7 14. Rfe1 Bf5 15. e4 Bh7 16. b4 a6 17. Nh4 Qd7 18. Nf1 d4 19. Nh2 g5 20. Nf5 Bxf5 21. exf5 Qxf5 22. Qd1 Rad8 23. Ng4 Nxg4 24. hxg4 Qf6 25. Be4 Kg7 26. Rf1 Qe7 27. Qf3 Qf6 28. Qh1 Rh8 29. Qh5 Kf8 30. a4 Qe6 31. b5 a5 32. bxc6 bxc6 33. Rab1 Rb8 34. Rxb8+ Bxb8 35. Rb1 Ba7 36. Rb7 Bxc5 37. Bxc6 Kg7 38. Be4 Re8 39. Rb5 Bb4 40. Bd5 Qf6 41. Rb6 Bd6 42. Rxd6 1-0

[Event "24.Offene Herner Stadtmeisterschaft 2023"]
[Site "?"]
[Date "2023.03.20"]
[Round "7.27"]
[White "Tolksdorf, Jürgen"]
[Black "Böcher, Joachim"]
[Result "1/2-1/2"]
[WhiteElo "1666"]
[BlackElo "1459"]
[PlyCount "90"]
[EventDate "2023.??.??"]
[WhiteTeam "vereinslos"]
[BlackTeam "SG Höntrop 1947"]

1. e4 e6 2. Nf3 Be7 3. Nc3 d6 4. d4 Nd7 5. Bd3 b6 6. Qe2 Bb7 7. Be3 Ngf6 8. O-O-O Ng4 9. Bd2 Ngf6 10. h4 c6 11. e5 Nd5 12. exd6 Bxd6 13. Ne5 Nxc3 14. Bxc3 Nf6 15. Bd2 Qc7 16. Kb1 O-O-O 17. Ba6 Bxe5 18. Bxb7+ Kxb7 19. dxe5 Nd5 20. c4 Ne7 21. Bb4 c5 22. Bc3 h5 23. Qf3+ Nc6 24. Rxd8 Rxd8 25. Qxh5 g6 26. Qf3 Kb8 27. Re1 Qd7 28. a3 Kc7 29. h5 gxh5 30. Qxh5 Qd3+ 31. Ka1 Rd7 32. Qg4 Nd4 33. Bxd4 Rxd4 34. Qh5 Rd7 35. Qe2 Qb3 36. f4 Rd4 37. f5 Qxc4 38. Qxc4 Rxc4 39. fxe6 fxe6 40. Kb1 Rg4 41. Re2 Kc6 42. Rd2 Kc7 43. Rd6 Rxg2 44. Rxe6 Re2 45. Re7+ Kc6 1/2-1/2

[Event "24.Offene Herner Stadtmeisterschaft 2023"]
[Site "?"]
[Date "2023.03.20"]
[Round "7.28"]
[White "Schmitz, Christopher"]
[Black "Ponto, Michael"]
[Result "1-0"]
[WhiteElo "1362"]
[BlackElo "1552"]
[PlyCount "95"]
[EventDate "2023.??.??"]
[WhiteTeam "vereinslos"]
[BlackTeam "SV Zeppelin Herne e. V."]

1. e4 c6 2. Nf3 d5 3. Nc3 dxe4 4. Nxe4 Bf5 5. Ng3 Bg6 6. h4 h6 7. d4 Nf6 8. Bd3 Bxd3 9. Qxd3 e6 10. Bd2 Bd6 11. O-O-O b5 12. Ne4 Nxe4 13. Qxe4 O-O 14. g4 Qc7 15. h5 Nd7 16. g5 Rae8 17. Rdg1 f5 18. gxf6 Rxf6 19. Rg6 Bf4 20. Rhg1 Bxd2+ 21. Nxd2 Re7 22. Rxf6 Nxf6 23. Qh4 Nd5 24. Ne4 Kh8 25. Nc5 Qf4+ 26. Qxf4 Nxf4 27. Re1 Nxh5 28. Rxe6 Rxe6 29. Nxe6 Nf6 30. Kd2 Ne4+ 31. Ke3 Nd6 32. b3 Kg8 33. Nd8 g5 34. Nxc6 a6 35. Ne5 Kg7 36. c4 bxc4 37. bxc4 h5 38. c5 Nf5+ 39. Ke4 Kf6 40. d5 Ng7 41. c6 Ne8 42. Nd7+ Ke7 43. Ke5 h4 44. Nc5 Nd6 45. Ne4 Nxe4 46. Kxe4 g4 47. Kf4 h3 48. Kg3 1-0

[Event "24.Offene Herner Stadtmeisterschaft 2023"]
[Site "?"]
[Date "2023.03.20"]
[Round "7.29"]
[White "Kümmel, Hans-Jürgen"]
[Black "Pollerberg, Amelie"]
[Result "1/2-1/2"]
[WhiteElo "1329"]
[BlackElo "1478"]
[PlyCount "76"]
[EventDate "2023.??.??"]
[WhiteTeam "SV Günnigfeld 1922 e."]
[BlackTeam "SGrupp Rochade Disteln 199"]

1. Nf3 Nc6 2. d4 d5 3. g3 Nf6 4. Bg2 Bf5 5. O-O e6 6. a3 Be7 7. Nbd2 Ne4 8. c4 Bf6 9. e3 dxc4 10. Nxc4 Qd5 11. Nce5 Bxe5 12. dxe5 Nxe5 13. Nxe5 Qxe5 14. Qa4+ c6 15. Qb4 Qb5 16. Qxb5 cxb5 17. Bxe4 Bxe4 18. Bd2 Rc8 19. Rac1 Kd7 20. Bc3 Rhg8 21. Rfd1+ Ke7 22. Bb4+ Kf6 23. Bc3+ Kg6 24. Rd4 Rc4 25. Rcd1 Bd5 26. Re1 a6 27. e4 Rxd4 28. Bxd4 Bc4 29. e5 Rd8 30. Bc3 Bb3 31. Kg2 Rd1 32. Rxd1 Bxd1 33. f3 Bc2 34. Kf2 Kf5 35. Ke3 f6 36. exf6 gxf6 37. Kd2 Bb3 38. Ke3 h5 1/2-1/2

[Event "24.Offene Herner Stadtmeisterschaft 2023"]
[Site "?"]
[Date "2023.03.20"]
[Round "7.30"]
[White "Scheithauer, Ralf"]
[Black "Mrowetz, Josef"]
[Result "1-0"]
[WhiteElo "1368"]
[BlackElo "1470"]
[PlyCount "63"]
[EventDate "2023.??.??"]
[WhiteTeam "Bochumer SV 02"]

1. e4 e5 2. Bc4 Nf6 3. d4 Nc6 4. dxe5 Nxe5 5. Bb3 Be7 6. Nc3 d6 7. Bd2 O-O 8. h3 b6 9. Nf3 Ba6 10. Bf4 Nc4 11. Bxc4 Bxc4 12. Nd2 Be6 13. O-O h6 14. Nf3 Nh7 15. Re1 Ng5 16. Nd5 Bxh3 17. Nxe7+ Qxe7 18. Bxg5 hxg5 19. gxh3 f6 20. Nh2 g6 21. Re3 Kg7 22. Qg4 Rh8 23. Rg3 Rh4 24. Qf3 Rxe4 25. Rg4 Re1+ 26. Rxe1 Qxe1+ 27. Kg2 Re8 28. Qc3 Qe7 29. Rxg5 Rh8 30. Rg3 Rh5 31. Qd3 Rf5 32. Qxf5 1-0

[Event "24.Offene Herner Stadtmeisterschaft 2023"]
[Site "?"]
[Date "2023.03.20"]
[Round "7.31"]
[White "Oelmann, Barbara"]
[Black "Malessa, Uwe"]
[Result "0-1"]
[WhiteElo "762"]
[BlackElo "1200"]
[PlyCount "40"]
[EventDate "2023.??.??"]
[WhiteTeam "SGrupp Rochade Disteln 199"]
[BlackTeam "SV Erkenschwick 1923 e"]

1. d4 d5 2. Nf3 Nc6 3. e3 Bg4 4. Nbd2 e5 5. e4 exd4 6. Qe2 Nge7 7. exd5 Qxd5 8. h3 Bd7 9. Nb3 O-O-O 10. Ng5 Re8 11. Bf4 Nf5 12. Be3 dxe3 13. Nf3 exf2+ 14. Kxf2 Rxe2+ 15. Bxe2 Bc5+ 16. Ke1 Re8 17. Rd1 Qe6 18. Rd2 Be3 19. Rd1 Ng3 20. Rh2 Nxe2 0-1